000 01493cam a22004694i 4500
003 PE-LiUPU
005 20250731184604.0
008 150616s r 000 0 d
035 _a(Sirsi) a5435
040 _aPE-LiUPU
_bspa
_cPE-LiUPU
_erda
049 _aPRUA
082 0 4 _a985.061
_bC749p
_223
100 1 _aCongrains Martín, Eduardo,
_d1936-1983,
_eautor.
245 1 0 _aPrimeros enfrentamientos :
_bPisagua, San Francisco, Tarapacá /
_cEduardo Congrains Martín.
264 1 _aLima :
_bEditorial Ecoma,
_c1972.
300 _a102 páginas :
_bilustraciones ;
_c17 cm.
336 _atext
_2rdacontent
337 _aunmediated
_2rdamedia
338 _avolume
_2rdacarrier
490 0 _aBiblioteca histórica Ecoma. Reinvindicación ;
_v2
505 0 _aPrimeros enfrentamientos: Pisagua, San Francisco, Tarapacá.
526 _aP136
526 _aP135
526 _aP134
526 _aP133
526 _aP144
526 _aP143
526 _aP87
526 _aP35
526 _aP20
526 _aP14
526 _aP10
526 _aP06
650 0 4 _aTarapacá, Batalla de, 1879.
650 0 4 _aSan Francisco, Batalla de, 1879.
650 0 4 _aPisagua, Batalla de, 1879.
910 _ajck
942 _2ddc
_cBOOK
949 _a985.061 C
_wDEWEY
_c1
_i16600
_lCCODEBUL1
_mBUL
_p00.00
_r0
_sY
_tBOOK
_u19790426
_xEDUCACION
_0COMPRA
_o.STAFF. Colección General
999 _c56463
_d56463
980 _81
_gALBERTO SANCHEZ Responsable de Automatización